[Event "European Senior Team Championship 2014"]
[Site "Sibenik"]
[Date "2014.04.07"]
[Round "7.11"]
[White "Kurka, Dieter"]
[Black "Thornton, John D"]
[Result "1-0"]
[WhiteElo "2028"]
[BlackElo "2020"]
[PlyCount "109"]
[EventDate "2014.04.01"]

1. d4 Nf6 2. c4 e5 3. dxe5 Ng4 4. Nf3 Nc6 5. Bf4 Bb4+ 6. Nbd2 Qe7 7. e3 Ngxe5
8. Nxe5 Nxe5 9. Be2 Ng6 10. Bxc7 O-O 11. Bg3 Rd8 12. a3 Bxd2+ 13. Qxd2 d6 14.
O-O Be6 15. Qd4 Rac8 16. Rac1 b6 17. Rfd1 d5 18. cxd5 Rxc1 19. Rxc1 Rxd5 20.
Rc8+ Nf8 21. Rc7 Rxd4 22. Rxe7 Rd2 23. Kf1 Rxb2 24. Ba6 b5 25. Bd6 Rd2 26. Bb4
Bc4+ 27. Ke1 Rd8 28. Rxa7 Ng6 29. f4 h5 30. a4 Bd5 31. Bxb5 Bxg2 32. Bc5 Rc8
33. Bd4 Nh4 34. Bd7 Rc2 35. Kd1 Be4 36. Be8 Rxh2 37. Bxf7+ Kh7 38. Bxh5 Nf5 39.
Be2 Nxd4 40. exd4 Rf2 41. Kd2 Rxf4 42. Ke3 Rh4 43. a5 Bd5 44. a6 Kh6 45. Rd7
Rh3+ 46. Kf4 g5+ 47. Kf5 Be6+ 48. Kxe6 Re3+ 49. Kf5 Rxe2 50. a7 Rf2+ 51. Kg4
Rg2+ 52. Kf3 Ra2 53. d5 Kg6 54. d6 Kf6 55. Rb7 1-0

[Event "European Senior Team Championship 2014"]
[Site "Sibenik"]
[Date "2014.04.07"]
[Round "7.12"]
[White "Watzka, Horst"]
[Black "Kristiansen, Erling"]
[Result "1/2-1/2"]
[WhiteElo "2250"]
[BlackElo "2189"]
[PlyCount "24"]
[EventDate "2014.04.01"]

1. e4 e5 2. Nf3 Nc6 3. Bb5 a6 4. Ba4 Nf6 5. O-O Be7 6. Bxc6 dxc6 7. d3 Nd7 8.
b3 O-O 9. Bb2 Bf6 10. d4 exd4 11. Bxd4 c5 12. Bxf6 Qxf6 1/2-1/2

[Event "European Senior Team Championship 2014"]
[Site "Sibenik"]
[Date "2014.04.07"]
[Round "7.12"]
[White "Dahl, Ivar M"]
[Black "Nickl, Klaus"]
[Result "1/2-1/2"]
[WhiteElo "2170"]
[BlackElo "2139"]
[PlyCount "31"]
[EventDate "2014.04.01"]

1. Nf3 d5 2. g3 Bg4 3. Bg2 c6 4. O-O Nd7 5. d4 Ngf6 6. b3 a5 7. c4 e6 8. a4 h6
9. Ba3 Bxa3 10. Nxa3 O-O 11. Rc1 Qe7 12. Nc2 Bf5 13. Ne3 Be4 14. Ne5 Bxg2 15.
Kxg2 Rfd8 16. Nxd7 1/2-1/2

[Event "European Senior Team Championship 2014"]
[Site "Sibenik"]
[Date "2014.04.07"]
[Round "7.12"]
[White "Kratschmer, Heinz"]
[Black "Mundal, Arnold"]
[Result "1-0"]
[WhiteElo "2114"]
[BlackElo "1937"]
[PlyCount "117"]
[EventDate "2014.04.01"]

1. d4 Nf6 2. Nf3 c6 3. c4 d5 4. Nc3 Bf5 5. cxd5 cxd5 6. Qb3 Qd7 7. Ne5 Qc8 8.
Nxd5 Nxd5 9. Qxd5 e6 10. Qb5+ Nc6 11. Nxc6 bxc6 12. Qa4 Qb7 13. f3 Qb4+ 14.
Qxb4 Bxb4+ 15. Kf2 Ke7 16. e4 Bg6 17. Be3 Rhb8 18. Rc1 Kd7 19. Rc2 a5 20. Bd3
a4 21. Rhc1 Rc8 22. g4 a3 23. b3 Be7 24. f4 f6 25. Kf3 Bf7 26. Bc4 Be8 27. d5
exd5 28. exd5 Kc7 29. dxc6 Rd8 30. Bb5 Ra5 31. Ba4 Bf7 32. f5 Bd5+ 33. Kf2 Bd6
34. h3 h5 35. Bc5 Bf4 36. Re1 Be5 37. Bxa3 hxg4 38. Rxe5 fxe5 39. hxg4 Rh8 40.
Kg3 Rh1 41. Bb4 Ra8 42. Bc3 Rg1+ 43. Kh4 Kd6 44. Rd2 e4 45. Bd4 Re1 46. Bf2
Rh1+ 47. Kg5 Rh3 48. Re2 Kc7 49. Re3 Rxe3 50. Bxe3 Bxc6 51. Kg6 Bd5 52. g5 Kd6
53. Kxg7 Ke5 54. f6 Rg8+ 55. Kh7 Bf7 56. Bb5 Rc8 57. Bc4 Bxc4 58. bxc4 Rxc4 59.
f7 1-0

[Event "European Senior Team Championship 2014"]
[Site "Sibenik"]
[Date "2014.04.07"]
[Round "7.12"]
[White "Lerstad, Bjorn"]
[Black "Pitzl, Konstantinos"]
[Result "1-0"]
[WhiteElo "1914"]
[BlackElo "2060"]
[PlyCount "75"]
[EventDate "2014.04.01"]

1. e4 g6 2. d4 Bg7 3. Nc3 d6 4. Be3 c6 5. Qd2 Nf6 6. f3 b5 7. Bd3 Nbd7 8. Bh6
Bxh6 9. Qxh6 Qa5 10. Qd2 O-O 11. Nd1 Qb6 12. Ne2 e5 13. c3 d5 14. Nf2 Re8 15.
O-O Bb7 16. b4 Rad8 17. Rae1 a5 18. a3 axb4 19. axb4 Ra8 20. Ra1 Kg7 21. Kh1
Rxa1 22. Rxa1 dxe4 23. fxe4 Ng8 24. Bc2 Nf8 25. Ng4 Qd8 26. Ne3 Nf6 27. Ng3 Ne6
28. Rd1 Qc7 29. Bb3 Nf4 30. Rf1 Bc8 31. dxe5 Qxe5 32. Rxf4 Qxf4 33. Nef5+ Bxf5
34. Qxf4 Bxe4 35. Nxe4 Rxe4 36. Qd2 h5 37. h3 h4 38. Bd1 1-0

[Event "European Senior Team Championship 2014"]
[Site "Sibenik"]
[Date "2014.04.07"]
[Round "7.13"]
[White "Baumbach, Friedrich"]
[Black "Vinke, Dietmar"]
[Result "1-0"]
[WhiteElo "2231"]
[BlackElo "2173"]
[PlyCount "81"]
[EventDate "2014.04.01"]

1. d4 Nf6 2. c4 g6 3. Nc3 Bg7 4. e4 d6 5. Nf3 O-O 6. Be2 Nbd7 7. O-O e5 8. Be3
Re8 9. d5 Nh5 10. g3 Bf8 11. b4 Be7 12. Nd2 Ng7 13. Nb3 f5 14. f3 Nf6 15. c5
fxe4 16. fxe4 Bh3 17. Rf2 h5 18. Qd2 Ng4 19. Bxg4 Bxg4 20. h4 dxc5 21. bxc5 b6
22. Rc1 bxc5 23. Nxc5 a6 24. Nd3 Ba3 25. Rcf1 Bh3 26. Rb1 Bd6 27. Kh2 Bd7 28.
Rbf1 Kh7 29. Rf7 Rg8 30. Nc5 Bxc5 31. Bxc5 Bb5 32. R1f6 Be8 33. Re7 Rb8 34.
Rfe6 a5 35. Rxe5 Qc8 36. R5e6 Qb7 37. Bd4 Qb2 38. Qxb2 Rxb2+ 39. Kh3 Rf8 40.
Rxg7+ Kh6 41. Ree7 1-0

[Event "European Senior Team Championship 2014"]
[Site "Sibenik"]
[Date "2014.04.07"]
[Round "7.13"]
[White "Mottonen, Ari"]
[Black "Siegmund, Rainer"]
[Result "1/2-1/2"]
[WhiteElo "1996"]
[BlackElo "2148"]
[PlyCount "42"]
[EventDate "2014.04.01"]

1. d4 Nf6 2. c4 e6 3. Nc3 Bb4 4. f3 d5 5. a3 Bxc3+ 6. bxc3 c5 7. e3 O-O 8. cxd5
Nxd5 9. Bd3 Nc6 10. Ne2 Qh4+ 11. g3 Qd8 12. O-O cxd4 13. cxd4 Bd7 14. e4 Nde7
15. Be3 Rc8 16. Qd2 Na5 17. Rab1 b6 18. Rfc1 Rxc1+ 19. Qxc1 Qc8 20. Qxc8 Rxc8
21. Rc1 Rxc1+ 1/2-1/2

[Event "European Senior Team Championship 2014"]
[Site "Sibenik"]
[Date "2014.04.07"]
[Round "7.13"]
[White "Fleuch, Hans-Juergen"]
[Black "Auvinen, Esa"]
[Result "1-0"]
[WhiteElo "2064"]
[BlackElo "1988"]
[PlyCount "57"]
[EventDate "2014.04.01"]

1. d4 Nf6 2. Nf3 e6 3. e3 d5 4. Bd3 Be7 5. Nbd2 O-O 6. O-O b6 7. b3 Bb7 8. Ne5
Nbd7 9. f4 Ne4 10. c4 Nxd2 11. Qxd2 Nf6 12. Qc2 dxc4 13. bxc4 c5 14. Bb2 Qc7
15. Rac1 Rfd8 16. f5 exf5 17. Rxf5 h6 18. Qe2 cxd4 19. exd4 Rd6 20. Rf2 Re8 21.
Qc2 Bf8 22. Rcf1 Be7 23. Kh1 Rf8 24. Re2 Re8 25. Qc1 Red8 26. d5 Re8 27. Qf4
Rdd8 28. Qg3 Kf8 29. Ng6+ 1-0

[Event "European Senior Team Championship 2014"]
[Site "Sibenik"]
[Date "2014.04.07"]
[Round "7.13"]
[White "Laitinen, Martti"]
[Black "Franke, Roland"]
[Result "1/2-1/2"]
[WhiteElo "1770"]
[BlackElo "2012"]
[PlyCount "83"]
[EventDate "2014.04.01"]

1. d4 Nf6 2. c4 g6 3. Nc3 Bg7 4. e4 O-O 5. Nf3 d6 6. Be2 Nc6 7. O-O e5 8. d5
Ne7 9. b4 a5 10. Ba3 b6 11. bxa5 Rxa5 12. Bb4 Ra8 13. Rb1 Nh5 14. g3 Bh3 15.
Re1 h6 16. Nd2 Nf6 17. Bf1 Qd7 18. f3 Nh7 19. Bxh3 Qxh3 20. Qe2 f5 21. Qg2
Qxg2+ 22. Kxg2 Ng5 23. h4 Nh7 24. a3 Nf6 25. Nb5 Ne8 26. Nf1 Nc8 27. Re2 Kf7
28. exf5 gxf5 29. Ne3 Ke7 30. g4 f4 31. Nf5+ Kd7 32. Nc3 Ne7 33. Nxe7 Kxe7 34.
Ne4 Nf6 35. Nxf6 Bxf6 36. Kh3 Rg8 37. Rg1 Rg6 38. Re4 Kd7 39. Re2 Be7 40. Re4
Bf6 41. Re2 Be7 42. Re4 1/2-1/2

[Event "European Senior Team Championship 2014"]
[Site "Sibenik"]
[Date "2014.04.07"]
[Round "7.14"]
[White "Morris, Charles F"]
[Black "Lahti, Jouko"]
[Result "1-0"]
[WhiteElo "2142"]
[BlackElo "2046"]
[PlyCount "137"]
[EventDate "2014.04.01"]

1. c4 Nf6 2. g3 g6 3. Bg2 Bg7 4. Nc3 O-O 5. e4 d6 6. Nge2 e5 7. O-O c6 8. d3
Nh5 9. Be3 f5 10. Qd2 Nd7 11. exf5 gxf5 12. f4 Nhf6 13. h3 Qe8 14. fxe5 Nxe5
15. Rae1 Qf7 16. Nf4 Kh8 17. b3 Bd7 18. c5 d5 19. Bd4 Ng6 20. Nce2 Rae8 21. Qc3
Bc8 22. Bf3 Nd7 23. Nh5 Bxd4+ 24. Qxd4+ Kg8 25. Nef4 Rxe1 26. Rxe1 Nf6 27.
Nxf6+ Qxf6 28. Qxf6 Rxf6 29. Re8+ Rf8 30. Rxf8+ Kxf8 31. Ng2 Kg7 32. d4 Nf8 33.
Kf2 Ne6 34. Ke3 Kf6 35. h4 Ng7 36. b4 Bd7 37. Nf4 Ne6 38. Nd3 Be8 39. a4 a6 40.
Ne5 h6 41. Be2 Ng7 42. g4 Bg6 43. Bd3 Be8 44. Bc2 Ke6 45. Kf4 fxg4 46. Nxg4 h5
47. Ne3 Kf6 48. Bf5 Nxf5 49. Nxf5 Bg6 50. Nd6 Bc2 51. a5 Bd3 52. Nxb7 Bb5 53.
Nd6 Bd3 54. Nc8 Bb5 55. Nd6 Bd3 56. Ke3 Bf1 57. Kf3 Bd3 58. Kf4 Bf1 59. Nf5 Be2
60. Ng3 Bg4 61. Ke3 Ke6 62. Nh1 Kf6 63. Nf2 Bd7 64. Nd3 Kf5 65. Ne5 Be8 66. Kf3
Ke6 67. Kf4 Kf6 68. b5 cxb5 69. Nd3 1-0

[Event "European Senior Team Championship 2014"]
[Site "Sibenik"]
[Date "2014.04.07"]
[Round "7.14"]
[White "Adams, Mark"]
[Black "Leukkunen, Raimo"]
[Result "1-0"]
[WhiteElo "1978"]
[BlackElo "1881"]
[PlyCount "71"]
[EventDate "2014.04.01"]

1. e4 e5 2. Nf3 Nc6 3. Bb5 a6 4. Ba4 Nf6 5. d3 b5 6. Bb3 Be7 7. O-O O-O 8. a4
b4 9. a5 d6 10. c3 Bg4 11. h3 Bxf3 12. Qxf3 Rb8 13. Bd5 Na7 14. Be3 c5 15. Bc4
bxc3 16. bxc3 Nb5 17. Rc1 Qc7 18. Nd2 Qa7 19. Nf1 Rb7 20. Ng3 Rfb8 21. Nf5 Bf8
22. g4 Ne8 23. h4 g6 24. Nh6+ Bxh6 25. Bxh6 Re7 26. h5 Nbc7 27. hxg6 hxg6 28.
Kg2 Ne6 29. Rh1 f6 30. Qh3 Kf7 31. Bf8 N8g7 32. Bxg7 Ke8 33. Bxe6 Rxe6 34. Qh7
Re7 35. Qxg6+ Rf7 36. Bxf6 1-0

[Event "European Senior Team Championship 2014"]
[Site "Sibenik"]
[Date "2014.04.07"]
[Round "7.14"]
[White "Rintakoski, Pentti"]
[Black "Gilbert, Colin"]
[Result "1-0"]
[WhiteElo "1824"]
[BlackElo "1780"]
[PlyCount "42"]
[EventDate "2014.04.01"]

1. e4 c5 2. Nf3 e6 3. d4 cxd4 4. Nxd4 a6 5. Be2 Qc7 6. Be3 Nf6 7. Bf3 Nc6 8.
Nxc6 dxc6 9. Nd2 Bd6 10. h3 O-O 11. Nc4 Bb4+ 12. c3 Rd8 13. Qc1 Qe7 14. cxb4
Qxb4+ 15. Bd2 Qc5 16. O-O b5 17. Na5 Qd6 18. Be3 Qc7 19. Nxc6 Re8 20. Nd4 Qa5
21. Rd1 Bb7 1-0

[Event "European Senior Team Championship 2014"]
[Site "Sibenik"]
[Date "2014.04.07"]
[Round "7.15"]
[White "Just, Joachim"]
[Black "Niebuhr, Gerd"]
[Result "1/2-1/2"]
[WhiteElo "1982"]
[BlackElo "2036"]
[PlyCount "24"]
[EventDate "2014.04.01"]

1. f4 Nf6 2. b3 d6 3. Bb2 Nbd7 4. Nf3 e5 5. fxe5 dxe5 6. e4 Bc5 7. Bc4 Qe7 8.
Nc3 c6 9. Qe2 O-O 10. Na4 Bd6 11. Nc3 Bc5 12. Na4 Bd6 1/2-1/2

[Event "European Senior Team Championship 2014"]
[Site "Sibenik"]
[Date "2014.04.07"]
[Round "7.15"]
[White "Juergens, Peter"]
[Black "Swoboda, Peter"]
[Result "1/2-1/2"]
[WhiteElo "2035"]
[BlackElo "2011"]
[PlyCount "23"]
[EventDate "2014.04.01"]

1. d4 d5 2. Nf3 Nf6 3. Bf4 c6 4. e3 Bg4 5. Be2 e6 6. O-O Bd6 7. Bxd6 Qxd6 8.
Nbd2 Nbd7 9. c4 O-O 10. h3 Bh5 11. Rc1 Rfe8 12. Re1 1/2-1/2

[Event "European Senior Team Championship 2014"]
[Site "Sibenik"]
[Date "2014.04.07"]
[Round "7.15"]
[White "Reinemann, Guenter"]
[Black "Hellwege, Werner"]
[Result "1/2-1/2"]
[WhiteElo "1980"]
[BlackElo "2006"]
[PlyCount "31"]
[EventDate "2014.04.01"]

1. f4 d5 2. Nf3 Nf6 3. e3 c5 4. Bb5+ Bd7 5. Qe2 e6 6. O-O a6 7. Bxd7+ Nbxd7 8.
d3 Bd6 9. a4 O-O 10. Nc3 Qe7 11. e4 d4 12. Nd1 e5 13. fxe5 Nxe5 14. Nxe5 Qxe5
15. Bf4 Qe6 16. Nf2 1/2-1/2

[Event "European Senior Team Championship 2014"]
[Site "Sibenik"]
[Date "2014.04.07"]
[Round "7.16"]
[White "Habershon, Paul F"]
[Black "White, Alastair F"]
[Result "1-0"]
[WhiteElo "2069"]
[BlackElo "2058"]
[PlyCount "71"]
[EventDate "2014.04.01"]

1. Nf3 d6 2. d4 Bg4 3. e3 Nf6 4. Be2 g6 5. O-O Bg7 6. c4 O-O 7. Nc3 c5 8. b3
Nc6 9. Bb2 cxd4 10. Nxd4 Nxd4 11. Bxg4 Nxg4 12. exd4 Nf6 13. Qf3 Rb8 14. d5 Nd7
15. Rfe1 Re8 16. Rad1 a6 17. Qe2 b5 18. cxb5 axb5 19. Rd3 Qa5 20. Qd2 Rbc8 21.
f4 Nf6 22. h3 Rc7 23. Ba1 Rec8 24. Kh1 Nh5 25. g4 Nxf4 26. Qxf4 Bxc3 27. Bxc3
Rxc3 28. Rxe7 Rc1+ 29. Kg2 Qxa2+ 30. Kg3 Rg1+ 31. Kh4 Rf8 32. Rf3 f5 33. Qh6
Rxg4+ 34. hxg4 Qh2+ 35. Kg5 Qd2+ 36. Rfe3 1-0

[Event "European Senior Team Championship 2014"]
[Site "Sibenik"]
[Date "2014.04.07"]
[Round "7.16"]
[White "Borwell, Alan P"]
[Black "Reuben, Stewart"]
[Result "1-0"]
[WhiteElo "2018"]
[BlackElo "2063"]
[PlyCount "61"]
[EventDate "2014.04.01"]

1. e4 c5 2. Nf3 Nc6 3. d4 cxd4 4. Nxd4 g6 5. c4 Bg7 6. Be3 Nh6 7. Be2 d6 8. Nc3
O-O 9. Qd2 Ng4 10. Bxg4 Bxg4 11. O-O Qa5 12. f4 Bd7 13. Rad1 Rac8 14. b3 a6 15.
Nxc6 bxc6 16. Bd4 Bg4 17. Bxg7 Kxg7 18. Rde1 Qc5+ 19. Kh1 Be6 20. f5 Bd7 21.
Re3 h6 22. e5 f6 23. exd6 exd6 24. Ne4 Qa7 25. Nxd6 Bxf5 26. Nxf5+ gxf5 27. Rh3
Rh8 28. Rd3 Rc7 29. Rxf5 Rf7 30. Rg3+ Kf8 31. Qd8# 1-0

[Event "European Senior Team Championship 2014"]
[Site "Sibenik"]
[Date "2014.04.07"]
[Round "7.16"]
[White "Wood, Peter R"]
[Black "Mckerracher, Douglas"]
[Result "1/2-1/2"]
[WhiteElo "1951"]
[BlackElo "1987"]
[PlyCount "86"]
[EventDate "2014.04.01"]

1. e4 d5 2. exd5 Qxd5 3. Nc3 Qa5 4. d4 Nf6 5. Nf3 c6 6. Bc4 Bf5 7. O-O e6 8.
Bf4 Bb4 9. Ne2 Nbd7 10. c3 Be7 11. Ng3 Bg6 12. Ne5 O-O 13. Nxg6 hxg6 14. Re1
Nd5 15. Bd2 Qc7 16. Ne4 N7f6 17. Qe2 Nxe4 18. Qxe4 Nf6 19. Qf3 Bd6 20. g3 Rfe8
21. Bg5 Be7 22. Bb3 Nd5 23. h4 Qd8 24. Qg4 Nf6 25. Qe2 Nh5 26. Bxe7 Rxe7 27.
Qe5 Nf6 28. Kg2 Qc7 29. f3 Rd8 30. Rad1 Qxe5 31. dxe5 Rxd1 32. Rxd1 Nd5 33. Kf2
Kf8 34. Bc2 Ke8 35. a3 Rd7 36. f4 Nb6 37. Rxd7 Kxd7 38. b3 Nd5 39. c4 Ne7 40.
g4 Kc7 41. Ke3 Ng8 42. Kd4 Ne7 43. b4 a6 1/2-1/2

[Event "European Senior Team Championship 2014"]
[Site "Sibenik"]
[Date "2014.04.07"]
[Round "7.16"]
[White "Marks, Ian A"]
[Black "Scowen, Roger S"]
[Result "0-1"]
[WhiteElo "1985"]
[BlackElo "1883"]
[PlyCount "88"]
[EventDate "2014.04.01"]

1. d4 f5 2. Bg5 h6 3. Bh4 Nf6 4. Bxf6 exf6 5. e4 Qe7 6. Qh5+ Kd8 7. Nc3 fxe4 8.
O-O-O c6 9. d5 d6 10. dxc6 bxc6 11. Bc4 f5 12. Nh3 g5 13. Rxd6+ Bd7 14. Rhd1
Kc7 15. Qg6 Qe5 16. R6d2 Qg7 17. Rd6 Qe5 18. R6d2 Qg7 19. Qh5 a5 20. Qe2 a4 21.
Qe3 Qe5 22. Qd4 Qxd4 23. Rxd4 Bc5 24. R4d2 a3 25. Bb3 axb2+ 26. Kxb2 Re8 27.
Na4 Bf8 28. Ng1 Bg7+ 29. c3 c5 30. Nxc5 Re7 31. Ne2 Ra5 32. Nxd7 Nxd7 33. Rd5
Nc5 34. Kc2 Be5 35. g3 Kc6 36. Rd8 Nxb3 37. Kxb3 Rb7+ 38. Kc2 Rxa2+ 39. Kc1
Rxe2 40. Re8 Bxc3 41. Re6+ Kc5 42. Rdd6 Kc4 43. Rc6+ Kb3 44. Rxh6 Re1# 0-1

[Event "European Senior Team Championship 2014"]
[Site "Sibenik"]
[Date "2014.04.07"]
[Round "7.17"]
[White "Grahn, Lars"]
[Black "Mai, Hartmut"]
[Result "1-0"]
[WhiteElo "2000"]
[BlackElo "1944"]
[PlyCount "95"]
[EventDate "2014.04.01"]

1. d4 d5 2. Nf3 Nf6 3. c4 c6 4. Nc3 e6 5. e3 Bd6 6. Bd3 Nbd7 7. O-O O-O 8. b3
b6 9. e4 dxe4 10. Nxe4 Nxe4 11. Bxe4 Bb7 12. Qc2 Nf6 13. Bg5 h6 14. Bh4 Be7 15.
Bxf6 Bxf6 16. Rad1 Qc7 17. Qe2 Rfe8 18. Rfe1 Rad8 19. Ne5 Bxe5 20. dxe5 c5 21.
Bxb7 Qxb7 22. Rd6 Rxd6 23. exd6 Rd8 24. Rd1 Qc6 25. Qe5 Qd7 26. f4 Re8 27. a3
a5 28. Rd3 f6 29. Qe4 e5 30. f5 Rd8 31. Qd5+ Kf8 32. g4 Re8 33. Qe4 Rd8 34. Kf2
Qc8 35. h4 Qa8 36. Ke3 Ke8 37. g5 Qxe4+ 38. Kxe4 hxg5 39. hxg5 Kd7 40. gxf6
gxf6 41. Kd5 Rf8 42. Rg3 Rf7 43. Rg6 Rf8 44. Rg7+ Kd8 45. Kc6 Kc8 46. Rc7+ Kb8
47. Re7 Rd8 48. d7 1-0

[Event "European Senior Team Championship 2014"]
[Site "Sibenik"]
[Date "2014.04.07"]
[Round "7.17"]
[White "Baumgarten, Werner"]
[Black "Sandklef, Ake"]
[Result "0-1"]
[WhiteElo "1932"]
[BlackElo "1948"]
[PlyCount "84"]
[EventDate "2014.04.01"]

1. d4 d5 2. Nf3 Nf6 3. Bg5 Nbd7 4. Nbd2 c6 5. e3 e6 6. a3 Be7 7. c4 h6 8. Bh4
b6 9. Rc1 Bb7 10. Bd3 O-O 11. O-O Re8 12. Bb1 Rc8 13. Ne5 Nxe5 14. dxe5 Nd7 15.
Bxe7 Qxe7 16. Qc2 Nf8 17. f4 Red8 18. Nf3 Qc5 19. Rfe1 dxc4 20. Qxc4 Qxc4 21.
Rxc4 c5 22. Kf2 Nd7 23. h3 Nb8 24. g4 Nc6 25. Rc3 Na5 26. e4 Nc6 27. f5 Kf8 28.
Ba2 Ke7 29. h4 Nd4 30. g5 Nxf3 31. f6+ Kf8 32. Kxf3 Rd2 33. gxh6 gxh6 34. Rg1
Rcd8 35. Bb1 Ba6 36. Rg7 Be2+ 37. Ke3 Bh5 38. Rh7 Kg8 39. Rg7+ Kh8 40. Bc2 Re2+
41. Kf4 Rf2+ 42. Kg3 Rdd2 0-1

[Event "European Senior Team Championship 2014"]
[Site "Sibenik"]
[Date "2014.04.07"]
[Round "7.17"]
[White "Johansson, Per"]
[Black "Neudel, Bernd"]
[Result "1/2-1/2"]
[WhiteElo "1945"]
[BlackElo "1895"]
[PlyCount "86"]
[EventDate "2014.04.01"]

1. d4 d5 2. Nf3 Nf6 3. c4 e6 4. g3 g6 5. Bg2 Bg7 6. O-O O-O 7. Qc2 c6 8. Nbd2
Nbd7 9. e4 dxe4 10. Nxe4 Nxe4 11. Qxe4 Nf6 12. Qh4 Nd7 13. Qe4 Re8 14. Ne5 Nxe5
15. dxe5 Qc7 16. Re1 Qe7 17. b3 Rb8 18. Bb2 c5 19. Rad1 b6 20. Qd3 Bb7 21. Qd7
Bxg2 22. Kxg2 Kf8 23. Rd3 Rbd8 24. Qxe7+ Kxe7 25. Red1 Rxd3 26. Rxd3 Rd8 27.
Rd6 Bh6 28. Rxd8 Kxd8 29. Kf3 Kd7 30. Ke4 Bg5 31. f4 Be7 32. g4 Bd8 33. h3 Be7
34. f5 Kc6 35. Bc1 Kd7 36. Bh6 Ke8 37. Kf4 Bh4 38. Bg7 Be7 39. fxe6 fxe6 40.
Bf6 Kf7 41. g5 Ke8 42. h4 Kd7 43. Bg7 Kc6 1/2-1/2

[Event "European Senior Team Championship 2014"]
[Site "Sibenik"]
[Date "2014.04.07"]
[Round "7.18"]
[White "Vehkalahti, Veli"]
[Black "Carlsten, Peter"]
[Result "0-1"]
[WhiteElo "1972"]
[BlackElo "2039"]
[PlyCount "58"]
[EventDate "2014.04.01"]

1. d4 f5 2. Nc3 d5 3. f4 Nf6 4. Nf3 e6 5. a3 c5 6. e3 Be7 7. Be2 b6 8. Bb5+ Bd7
9. Bxd7+ Nbxd7 10. O-O Ne4 11. Bd2 O-O 12. Ne2 Qc7 13. c3 c4 14. Be1 Rfb8 15.
Ne5 Ndf6 16. Ng3 Bd6 17. Ne2 b5 18. Nf3 a5 19. Bd2 Qe7 20. Ne5 Rb6 21. Qc2 Rab8
22. Rfb1 h6 23. h3 Kh7 24. Be1 Qb7 25. Kh2 b4 26. axb4 axb4 27. b3 bxc3 28.
bxc4 Rxb1 29. Rxb1 Qxb1 0-1

[Event "European Senior Team Championship 2014"]
[Site "Sibenik"]
[Date "2014.04.07"]
[Round "7.18"]
[White "Sterner, Johan"]
[Black "Karppinen, Martti"]
[Result "1/2-1/2"]
[WhiteElo "2017"]
[BlackElo "1880"]
[PlyCount "133"]
[EventDate "2014.04.01"]

1. d4 e6 2. c4 d5 3. Nc3 Bb4 4. cxd5 exd5 5. Nf3 Nc6 6. Bg5 Nge7 7. e3 f6 8.
Bf4 Bf5 9. Rc1 a6 10. Be2 Bd6 11. Bxd6 Qxd6 12. O-O O-O 13. a3 Bg6 14. b4 Nd8
15. Qb3 Bf7 16. Bd3 Ng6 17. Rfe1 Nc6 18. Re2 Rfe8 19. Na4 Rab8 20. Rec2 Nge7
21. Nc5 g6 22. Qb2 Kg7 23. Re2 Ng8 24. Qc2 Nge7 25. Qb2 Ng8 26. Rec2 Nge7 27.
h3 Nd8 28. Nd2 c6 29. Ndb3 g5 30. Be2 Bg6 31. Rc3 h5 32. a4 Nf5 33. b5 g4 34.
hxg4 hxg4 35. Bxg4 Rh8 36. g3 axb5 37. axb5 Bh5 38. Bxh5 Rxh5 39. e4 Ne7 40.
Qe2 Rg5 41. Qe3 Nf7 42. Nd2 Rh5 43. Nf3 Ng5 44. Nxg5 fxg5 45. e5 Qh6 46. Qf3
Rf8 47. Ne6+ Qxe6 48. Qxh5 Qf5 49. Qe2 Qh3 50. Qf1 Qg4 51. Qd1 Qf5 52. Qf1 Qe4
53. Rd1 Rf3 54. Rxf3 Qxf3 55. Qd3 Qg4 56. bxc6 bxc6 57. Ra1 Qf5 58. Qxf5 Nxf5
59. Rd1 g4 60. Kf1 Kf7 61. Ke2 Ke6 62. Kd3 Kd7 63. Ra1 Ke6 64. Ra6 Ne7 65. Ra7
Nf5 66. Rc7 Ne7 67. Kc3 1/2-1/2

[Event "European Senior Team Championship 2014"]
[Site "Sibenik"]
[Date "2014.04.07"]
[Round "7.18"]
[White "Patola, Eero"]
[Black "Andersson, Sven-Olof"]
[Result "0-1"]
[WhiteElo "1868"]
[BlackElo "2012"]
[PlyCount "94"]
[EventDate "2014.04.01"]

1. e4 c5 2. c4 Nc6 3. Nc3 g6 4. g3 Bg7 5. Bg2 e5 6. d3 Nge7 7. Nge2 d6 8. h3 a6
9. O-O Rb8 10. Rb1 b5 11. Be3 O-O 12. Qd2 Be6 13. Nd5 Nd4 14. Nxd4 cxd4 15. Bh6
bxc4 16. dxc4 Qd7 17. Nxe7+ Qxe7 18. b3 Qd7 19. Kh2 f5 20. exf5 Rxf5 21. Bxg7
Kxg7 22. Rbc1 Rh5 23. h4 g5 24. Bf3 Bg4 25. Qe2 Bxf3 26. Qxf3 g4 27. Qe4 Rf8
28. f3 gxf3 29. Rxf3 Rxf3 30. Qxf3 Qf5 31. Kg2 e4 32. Qe2 e3 33. Qf3 Qxf3+ 34.
Kxf3 Re5 35. Ke2 Kf6 36. b4 Rf5 37. Kd3 Ke5 38. c5 Rf2 39. c6 Kd5 40. Rd1 Kxc6
41. a4 Kd5 42. b5 axb5 43. axb5 Rb2 44. g4 Rxb5 45. Rf1 Rb3+ 46. Kc2 Rc3+ 47.
Kd1 Ke4 0-1

[Event "European Senior Team Championship 2014"]
[Site "Sibenik"]
[Date "2014.04.08"]
[Round "8.1"]
[White "Westerinen, Heikki M.J"]
[Black "Hulak, Krunoslav"]
[Result "0-1"]
[WhiteElo "2293"]
[BlackElo "2475"]
[PlyCount "138"]
[EventDate "2014.04.01"]

1. e4 c5 2. Nf3 e6 3. c3 Nf6 4. e5 Nd5 5. d4 cxd4 6. cxd4 d6 7. Bd3 Nc6 8. a3
Be7 9. O-O O-O 10. Qe2 f5 11. exf6 Nxf6 12. Nc3 d5 13. Bg5 Bd7 14. Rad1 Nh5 15.
Ne5 Nf6 16. Bb1 Nxe5 17. dxe5 Ne8 18. Qd3 g6 19. Bh6 Ng7 20. b4 a6 21. Ba2 Bc6
22. Qh3 Rf5 23. Be3 Rxe5 24. Bd4 Rh5 25. Qe3 Bf6 26. Ne2 e5 27. Bb6 Qd6 28. Ng3
Nf5 29. Qd3 Nxg3 30. fxg3 Kg7 31. Bc5 e4 32. Qd2 Qe6 33. Rxf6 Kxf6 34. Bd4+ Ke7
35. Qf4 Rf5 36. Qh4+ Kd7 37. Qxh7+ Qf7 38. Qh6 Rf8 39. h4 Kc8 40. Kh2 g5 41.
Rc1 gxh4 42. g4 Rf1 43. Rxf1 Qxf1 44. Qe6+ Kb8 45. Qd6+ Ka8 46. Qc5 Qf4+ 47.
Kg1 Qf1+ 48. Kh2 Qf4+ 49. Kg1 Kb8 50. Bxd5 Bxd5 51. Qxd5 Re8 52. Qc5 e3 53.
Qa7+ Kc8 54. Qc5+ Qc7 55. Qh5 Qd7 56. Qc5+ Qc6 57. Bxe3 Qxc5 58. Bxc5 Rg8 59.
Kh2 Rxg4 60. Bf2 b5 61. Kh3 Rc4 62. Bxh4 Rc3+ 63. Kg4 Rxa3 64. Kf5 Rb3 65. Be1
Rb1 66. Bc3 Rc1 67. Be5 Rc4 68. Bd6 Kd7 69. Bf8 Rc2 0-1

[Event "European Senior Team Championship 2014"]
[Site "Sibenik"]
[Date "2014.04.08"]
[Round "8.1"]
[White "Rukavina, Josip"]
[Black "Kanko, Ilkka"]
[Result "1/2-1/2"]
[WhiteElo "2405"]
[BlackElo "2188"]
[PlyCount "84"]
[EventDate "2014.04.01"]

1. Nf3 Nf6 2. c4 b6 3. g3 Bb7 4. Bg2 c5 5. O-O g6 6. b3 Bg7 7. Bb2 O-O 8. d4
cxd4 9. Qxd4 d6 10. Nc3 Nbd7 11. Ne1 Bxg2 12. Nxg2 Nc5 13. Rab1 Qd7 14. Qe3
Rae8 15. Qf3 Qg4 16. Qxg4 Nxg4 17. Nb5 Bxb2 18. Rxb2 Ra8 19. f3 Nf6 20. Ne3
Rfc8 21. Rd1 a6 22. Nc3 Ncd7 23. a4 Kf8 24. Kf2 Rab8 25. g4 Ne8 26. Ned5 e6 27.
Nb4 Ra8 28. f4 Ke7 29. Rd3 Nc5 30. Re3 Kd7 31. Nc2 Nf6 32. h3 d5 33. Nd4 Nce4+
34. Nxe4 Nxe4+ 35. Kg2 f5 36. Nf3 fxg4 37. hxg4 Rf8 38. Ne5+ Kd6 39. Nd3 Rac8
40. Rh3 Rc7 41. g5 Nc5 42. Rf3 Nxd3 1/2-1/2